|
|
|
|
| LEADER |
01551nam a2200301 a 4500 |
| 001 |
0016943 |
| 003 |
BD-DhAAL |
| 008 |
101003r20092006njua b 001 0 eng d |
| 010 |
|
|
|a 90035450
|
| 020 |
|
|
|a 0136916430
|
| 020 |
|
|
|a 9788177581775
|a 8177581775
|
| 040 |
|
|
|a DLC
|c DLC
|d DLC
|d BD-DhAAL
|
| 082 |
0 |
0 |
|a 005.758
|2 20
|
| 100 |
1 |
|
|a Özsu, M. Tamer,
|d 1951-
|9 1383
|
| 245 |
1 |
0 |
|a Principles of distributed database systems /
|c M. Tamer Özsu, Patrick Valduriez.
|
| 250 |
|
|
|a Second edition.
|
| 260 |
|
|
|a Englewood Cliffs, N.J. ;New Delhi :
|b Prentice Hall ;
|b Dorling Kindersley,
|c c2006 [reprinted 2008, 2009].
|
| 300 |
|
|
|a xvi, 590 p. :
|b ill. ;
|c 24 cm
|
| 504 |
|
|
|a Includes bibliographical references and index.
|
| 526 |
|
|
|a CSE
|x Dr. Mumit Khan
Professor and Chairperson
Department of Computer Science and Engineering
BRAC University
|
| 541 |
1 |
|
|e 0016943, 0021128
|a Smart Books
|
| 650 |
|
0 |
|a Distributed databases.
|9 1384
|
| 700 |
1 |
|
|a Valduriez, Patrick.
|9 1385
|
| 852 |
4 |
|
|a Ayesha Abed Library
|c General Stacks
|
| 942 |
|
|
|2 ddc
|c BK
|
| 999 |
|
|
|c 9620
|d 9620
|
| 952 |
|
|
|0 0
|1 0
|2 ddc
|4 0
|6 005_758000000000000_OZS_2009
|7 0
|9 12249
|a BRACUL
|b BRACUL
|c GEN
|d 2010-10-04
|g 498.75
|l 2
|m 6
|o 005.758 OZS
|p 3010021128
|r 2023-01-04
|s 2022-11-06
|t 1
|w 2010-10-04
|y BK
|
| 952 |
|
|
|0 0
|1 0
|2 ddc
|4 0
|6 005_758000000000000_OZS
|7 0
|9 17484
|a BRACUL
|b BRACUL
|c GEN
|d 2011-07-17
|e Smart Books
|g 550.00
|l 1
|o 005.758 OZS
|p 3010016943
|r 2016-12-26
|s 2016-10-16
|t 1
|w 2011-07-17
|y BK
|x Requisitioned by Dr. Mumit Khan (Professor and Chairperson, Department of Computer Science and Engineering, BRAC University).
|